El renacimiento de la cultura jurídica en occidente. El derecho en el medioevo, siglos XI-XV.

Uloženo v:
Podrobná bibliografie
Hlavní autor: Jaramillo J., Carlos Ignacio (autor)
Médium: Kniha
Jazyk:španělština
Vydáno: Bogotá, D.C, Colombia: Pontificia Universidad Jaramillo; Facultad de Ciencias Jurídicas, 2004.
Bogotá, D.C, Colombia: Temis, 2004.
Vydání:1a. edición.
Témata:
Tagy: Přidat tag
Žádné tagy, Buďte první, kdo vytvoří štítek k tomuto záznamu!

MARC

LEADER 00000nam a2200000 a 4500
001 UCI9032
003 CL-VaPUC
005 20220822114359.0
008 081024e20040000CK |||||||||||||||||spa|d
999 |c 331725  |d 331723 
020 |a 958-683-727-0 
040 |c Pontificia Universidad Católica de Valparaíso 
082 0 4 |a 340.55 JAR 2004  |2 21 
100 |a Jaramillo J., Carlos Ignacio  |e autor  |9 533183 
245 1 3 |a El renacimiento de la cultura jurídica en occidente.  |b El derecho en el medioevo, siglos XI-XV. 
250 |a 1a. edición.  
260 |a Bogotá, D.C, Colombia:  |b Pontificia Universidad Jaramillo;  |b Facultad de Ciencias Jurídicas,   |c 2004. 
260 |a Bogotá, D.C, Colombia:  |b Temis,  |c 2004. 
300 |a XL, 651 páginas.  
500 |a c.2 Donación Familia Prof. Alejandro Guzmán Brito.  
583 |a last modification  |c 20081024 00:00:00  |k Rodrigo Vera 
650 0 |a Historia del derecho  |2 CL-VaPUC  |9 255109  |y Siglos 11-15 
650 7 |a Derecho canónico  |2 CL-VaPUC  |9 532686 
942 |c BK  |2 ddc  |n 0 
945 |d 20081024 00:00:00  |a rbrito 
952 |0 0  |1 0  |4 0  |6 340_550000000000000_JAR_2004  |7 0  |8 DER_HIS  |9 418768  |a BIBDER  |b BIBDER  |d 2019-11-22  |i 4490754  |o 340.55 JAR 2004  |p 4490754  |r 2023-01-25  |w 2019-11-22  |x Ubicación 4to Piso  |y BK  |z Estos recursos deben solicitarse con anticipación  |k DER 
952 |0 0  |1 0  |2 ddc  |4 0  |6 340_550000000000000_JAR_2004  |7 1  |8 C_AGB  |9 580503  |a BIBDER  |b BIBDER  |d 2022-01-12  |e Donación   |i 5638224   |o 340.55 JAR 2004  |p 5638224  |r 2023-01-25  |t 2  |w 2022-01-12  |y BK_US  |k AGB